000 00474nam a2200169 a 4500
001 000027632
005 20200930030957.0
008 110401s1989 dr 000 0 spa d
020 _z893269999L
040 _aDO-SdBNP
_bspa
_cBNPHU
082 _axxx
_bB861p
100 1 _aBristol, Claude M.
_954726
245 1 0 _aEl poder está en usted /
_cClaude M. Bristol.
260 _aSanto Domingo :
_bEditorial Arco Iris,
_c1989.
300 _a132, [4] p. ;
_c19 cm.
049 _aBNPD
999 _c27124
_d27124